| 000 | 00634nam a22002413a 4500 | ||
|---|---|---|---|
| 001 | 20612 | ||
| 003 | VRT | ||
| 005 | 20260127142040.0 | ||
| 008 | 221012s1958 xr ||| 0 cze d | ||
| 035 | _aa000710690 | ||
| 040 |
_aUKB _bslo _cUKB _eAACR2 |
||
| 041 | 0 | _acze | |
| 044 |
_axr _cCZ |
||
| 100 | 1 | _aBeneš, Karel Josef | |
| 245 | 1 | 0 |
_aHra o život _cK. J. Beneš ; ilustr. Karla Svolinského |
| 260 |
_aPraha _bNaše vojsko _c1958 |
||
| 300 | _a599 s. | ||
| 700 | 1 |
_aSvolinský, Karel _4ill |
|
| 910 | _aukb | ||
| 942 |
_2ddc _cKLDO _n0 |
||
| 949 |
_61232208 _a19.D.23915 _bPV.6353-58 |
||
| 949 |
_61232211 _aB.D.13492 _bPV.6354-58 |
||
| 999 |
_c20612 _d20612 |
||